000 00295nam a22001337a 4500
008 170405b xxu||||| |||| 00| 0 eng d
020 _a9780073514420
041 _aeng
080 _212TH
_a574
100 _a9
101 _aSHM
245 _aENVIRONMENTAL ISSUES
_cEASTON, TH.A
942 _2udc
_cBK
999 _c9746
_d9746